000 00913cam a2200217 4500
001 WB3705-24
008 000000n2001 000 0 eng u
035 _a(Sirsi) u110652
245 _aRaynsford calls for more flexibility
260 _c2001
490 _aDETR News Release
_v(026) 24 January 2001
520 _aAt the recent Property Industry Forum, Planning Minister Nick Raynsford called for greater flexibility in the commercial property market. He welcomed the constructive dialogue on rent reviews and more flexible leases that is taking place between landlords and tenants' representatives, but said that more needs to be done.
590 _aWB
650 _aBUSINESS TENANCIES
650 _aRENT REVIEWS
650 _aCOMMERCIAL LEASES
650 _aFLEXIBILITY
650 _aPROPERTY-COMMERCIAL PROPERTY-COMMERCIAL PROPERTY MARKET
690 _aPROPERTY-LANDLORD AND TENANT
942 _n0
999 _c65935
_d65935